MDQL
is popping MORE tags! Check the
thread
!
Quizzes
Events
Quiz Creation
Community
Videos
Private Events
Remove Ads
Sign In
Join for FREE
Feedback
Dark Mode
Quiz Categories
Sports
Geography
Music
Movies
Television
Just For Fun
Miscellaneous
History
Literature
Language
Science
Gaming
Entertainment
Religion
Holiday
For Kids
Quiz Lab
Recent
Popular Today
Quiz Kudos Today
Editor Picks
Curator Picks
Quizzes by...
Day
Popularity
Type
Ratings
Length
Year
Community
Subscriptions
Recent Discussions
Orange Saloon
Badges
Playlists
Quests
Create
Leaderboards
Showdown
Live 5
Trivia Bingo
Activity
Puzzle Library
Sporcle Events
Private Events
Virtual Trivia
Globe League
Become a Host
Pub Owners
SporcleCon
Opinionation
Our Games
Videos
Blog
Mobile Apps
Partnerships
Remove Ads and Go Orange
Feedback
Music
Pop Music
The Beatles
Song
Album
Lyrics
Bands
Singers
Artist
Clip
Rock
Rap
Classical
Billboard
Country Music
Kpop
Taylor Swift
Music
Pop Music
The Beatles
Song
Album
Lyrics
Bands
Singers
Artist
Clip
Rock
Rap
Classical
Billboard
Country Music
Kpop
Taylor Swift
Random Quiz
Search Sporcle
×
Quiz Lab
Quiz Lab
Music
Artist
Type in answers that appear in a list
Type in answers that appear in a list
Classic
Best Score? Go Orange.
Top 45 Songs - Week of June 19, 2010 Stats
Can you name the Top 45 Songs in North America as of 6/19/2010 According to Sirius XM Hits-1?
By
pseudo6man
10m
45 Questions
118 Plays
118 Plays
118 Plays
Comments
Comments
Give Quiz Kudos
Give Quiz Kudos
-
- Ratings
hide this ad
Replay
Link that replays current quiz
Next Quiz
Link to next quiz in quiz playlist
You Got
0%
They Got
Avg Score
39%
Avg Friend Score
Upgrade to see
Score Distribution
Jump to the score distribution portion of the page
Score
0/45
Timer
10:00
0
Plays Today
Rank
Song Name
% Correct
2
California Gurls
86.4%
3
Hey, Soul Sister
77.1%
4
Your Love is My Drug
76.3%
18
Telephone
74.6%
1
Break Your Heart
73.7%
38
Tik Tok
72.9%
21
Airplanes
72%
6
Alejandro
67.8%
10
In My Head
64.4%
16
O.M.G.
61.9%
22
Billionaire
56.8%
14
Not Afraid
53.4%
37
Need You Now
51.7%
34
Bulletproof
50.8%
19
Cooler Than Me
50%
36
Can't Be Tamed
48.3%
12
My First Kiss
47.5%
39
Haven't Met You Yet
45.8%
40
Rude Boy
45.8%
45
Nothin' On You
45.8%
32
Ridin' Solo
44.9%
30
Young Forever
44.1%
29
Rock That Body
42.4%
Rank
Song Name
% Correct
7
Breakeven
41.5%
8
If We Ever Meet Again
40.7%
11
Animal
36.4%
41
Don't Stop Believing
31.4%
9
The Only Exception
30.5%
27
Somebody to Love
28%
43
Kissin' You
28%
13
This Afternoon
26.3%
44
I Made It
24.6%
35
Magic
20.3%
5
Like We Used To
15.3%
24
If It's Love
15.3%
33
Heart Heart Heartbreak
13.6%
15
All or Nothing
10.2%
23
Kids in Love
10.2%
17
Last of the American Girls
9.3%
31
Into Your Arms
7.6%
28
Give Me a Sign
6.8%
20
This Ain't a Love Song
5.9%
25
Shake It
4.2%
42
I'm in the House
3.4%
26
Papercut
2.5%
Quiz Playlist
Details
Report
Send in Message
Add To Playlist
Classic:
Type in answers that appear in a list
Quiz Source
Last Updated: Feb 16, 2017
Quiz Scoreboard
CHALLENGE
Sign Up to Join the Scoreboard
Show All
Scores
Hide
Comments
May contain spoilers
Recently Published
5x2 Blitz: Bands
by SL_Kpop136
Music
30s
Colored Red Africa Blitz
by spor1
Geography
30s
Find the 'City' Movie
by crazypaving
Movies
60s
More to Explore
Quiz From the Vault
Featured Blog Post
14 Easter Pick-up Lines to Find Eggs With
hide this ad
You Might Also Like...
Tags
Artist Quiz
North America Quiz
Song Quiz
2010
America
June
north
Top 45
Week
Today's Top Quizzes in Music
Browse Music
hide this ad
Today's Top Quizzes in Artist
Browse Artist
Top Contributed Quizzes in Music
1
5X2 Blitz: Bands II
2
Taylor Swift All Songs (2024)
3
Taylor Swift Logic Puzzle II
4
5X2 Blitz: The Beatles
5
5X2 Blitz: Billboard
6
Taylor Swift Logic Puzzle
7
5X2 Blitz: Billboard II
8
5X2 Blitz: Album
9
5X2 Blitz: Singers
10
Music Artist by Three 2010s hits
Explore More
Trending Topics
Disney
Kpop
Crossword
NBA
Harry Potter
Marvel
Anime
The Office
Puzzle
Country
Soccer
NFL
Song
WWE
Pokémon
hide this ad
More By:
pseudo6man
Quiz
Plays
Rating
Category
Featured
Created
NBA Opening Night Starters: Chicago Bulls
77,123
4.50
Sports
Dec 8, 2010
VH1 100 Greatest Kid Stars of the 90's and 00's
626
3.80
Entertainment
Dec 10, 2012
Top 45 Songs - Week of June 26, 2010
284
5.00
Music
Jun 29, 2010
Top 45 Songs - Week of July 3, 2010
211
4.75
Music
Jul 6, 2010
Top 45 Songs - Week of August 14, 2010
127
4.00
Music
Aug 19, 2010
Go to Creator's Profile
Score Distribution
Quiz Creator Spotlight
pseudo6man
Follow
Send a Message
Quizzes Created
-
Created Quiz Play Count
-
More By This Creator
Popular Quizzes Today
1
Find the 'City' Movie
2
Colored Red Africa Blitz
3
Find the US States - No Outlines Minefield
4
5x2 Blitz: Bands
5
The Countries of the World
6
Find the US States
7
US States
8
9x9 Crossword: Cartoon Network
More Music Quizzes
Rock Musicians Young & Old IV
Curator's Pick
Trending Quizzes
Colored Red Europe Blitz I
Colored Red Africa Blitz II
Colored Red Europe Blitz II
Colored Red Africa Blitz III
Colored Red Europe Blitz III
Recently Updated
2024 March Madness Bracket
pecheneg
Famous TV Couples
Peacemaker
Champions League XIs: Real Madrid
pecheneg
Largest US Cities 1790-2010
pecheneg
Rides in Walt Disney World
pecheneg
Most Oscar Losses (Acting)
pecheneg
Beyoncé Albums
pecheneg
Leaping Animals
pecheneg
Reality TV Shows (A-Z)
bhenderson79
Rickey Henderson's Hall of Fame Teammates
pecheneg
Trending Topics
NBA
Marvel
Disney
Kpop
Crossword
Anime
Harry Potter
Soccer
The Office
Song
Country
WWE
Pokémon
NFL
Puzzle
Your Account Isn't Verified!
In order to create a playlist on Sporcle, you need to verify the email address you used during registration. Go to your
Sporcle Settings
to finish the process.
Report this User
Report this user for behavior that violates our
Community Guidelines
.
Details:
Send Report
Go to the Sporcle.com Mobile Site →
Comments